Funkcionalizácia povrchov vláknitých materiálov dizertačná práca

Enregistré dans:
Détails bibliographiques
Auteur principal: Podobeková, Silvia
Format: Livre
Langue:slovaque
Publié: Bratislava FCHPT STU 2011
Accès en ligne:Voir à l'OPAC
Tags: Ajouter un tag
Pas de tags, Soyez le premier à ajouter un tag!

MARC

LEADER 00000nam a2200000 a 4500
005 20260127134223.0
008 150127 2011 000 0 slo d
035 |a vtls010649907 
039 9 |y 201501271106  |z mschk03 
040 |a STUSCHK1  |b slo  |c STUSCHK1  |e AACR2 
100 1 |a Podobeková, Silvia  |9 590 
245 1 |a Funkcionalizácia povrchov vláknitých materiálov  |b dizertačná práca  |c Silvia Podobeková 
260 |a Bratislava  |b FCHPT STU  |c 2011 
300 |a 111 s.  |b il.  |c 30 cm 
500 |a Študijný program: makromolekulová chémia 
500 |a Školiace pracovisko: Odd. vlákien a textilu 
910 |a SCHK95 
999 |c 7042  |d 7042